| 000 | 00547nam a2200169 i 4500 | ||
|---|---|---|---|
| 001 | 146327 | ||
| 003 | ES-MaACL | ||
| 005 | 20230906201509.0 | ||
| 007 | t| | ||
| 008 | 070906s1956 sp ||||1| eng d | ||
| 100 | 1 |
_aTorroba Bernaldo de Quirós, Felipe. _9111053 |
|
| 245 | 1 | 4 |
_aThe spanish Jews / _cFelipe Torroba Bernaldo de Quirós ; [translated from Spanish by D. Eden-Smith]. |
| 260 |
_aMadrid : _b[Rivadeneyra], _c1956. |
||
| 300 |
_a116 p. : _bil. ; _c15 cm. |
||
| 700 | 1 |
_aEden-Smith, D. _946631 |
|
| 852 |
_aES-MaACL _jC-12133 _bR.40086 |
||
| 999 |
_c146327 _d146327 |
||